Statistiken für Gemeinden im Landkreis Böblingen

Klicken Sie hier um das Quiz zu spielen!

Allgemein

  • Dieses Quiz wurde 69 mal gespielt
  • Das Durchschnittsergebnis liegt bei 17 aus 26

Antwortstatistiken

% Korrekt
Böblingen
93%
Sindelfingen
93%
Herrenberg
83%
Holzgerlingen
83%
Gärtringen
80%
Ehningen
78%
Nufringen
76%
Weil im Schönbuch
72%
Aidlingen
70%
Weil der Stadt
70%
Leonberg
67%
Altdorf
63%
Hildrizhausen
63%
Renningen
63%
Schönaich
61%
Bondorf
59%
Gäufelden
59%
Magstadt
59%
Deckenpfronn
54%
Grafenau
52%
Jettingen
52%
Waldenbuch
50%
Rutesheim
48%
Weissach
43%
Steinenbronn
41%
Mötzingen
39%

Verteilung der Resultate

Perzentil nach korrekt beantworteten Fragen

Anzahl Personen mit jedem Resultat

Ihre Resultats-Entwicklung

Sie haben dieses Quiz noch nicht gespielt